Statistics for Types of Pasta - Picture Quiz

Click here to take the quiz!

General Stats

  • This quiz has been taken 1,595 times
    (1,582 since last reset)
  • The average score is 8 of 18

Answer Stats

Answer% Correct
Spaghetti
96%
Penne
83%
Lasagna
79%
Macaroni
77%
Ravioli
63%
Fusilli
57%
Tortellini
47%
Alphabet
43%
Farfalle
41%
Rigatoni
35%
Linguine
31%
Fettuccine
28%
Orzo
28%
Tagliatelle
27%
Cannelloni
26%
Conchiglie
18%
Spirali
12%
Rotelle
5%

Score Distribution

Percentile by Number Answered

Percent of People with Each Score

Your Score History

You have not taken this quiz since the last reset